[Event "Unknown"]
[Site "Unknown"]
[Date "1985.??.??"]
[Round "?"]
[White "Kasparov, Gary"]
[Black "Karpov, Anatoly"]
[Result "1/2-1/2"]
[WhiteElo "2715"]
[BlackElo "2720"]
[PlyCount "24"]
[EventDate "1985.??.??"]
[Source "www.chesslib.no"]
[SourceDate "2004.05.04"]

1. d4 Nf6 2. c4 e6 3. Nc3 Bb4 4. Nf3 c5 5. g3 Nc6 6. Bg2 Ne4 7. Bd2 Bxc3 8. O-O O-O 9. Be3 Nxd4 10. Nxd4 Bxd4 11. Bxe4 Qf6 12. Re1 b5 1/2-1/2

[Event "Unknown"]
[Site "Unknown"]
[Date "1985.??.??"]
[Round "?"]
[White "Kasparov, Gary"]
[Black "Karpov, Anatoly"]
[Result "1/2-1/2"]
[WhiteElo "2715"]
[BlackElo "2720"]
[PlyCount "22"]
[EventDate "1985.??.??"]
[Source "www.chesslib.no"]
[SourceDate "2004.05.04"]

1. d4 Nf6 2. c4 e6 3. Nc3 Bb4 4. Nf3 c5 5. g3 Nc6 6. Bg2 Ne4 7. Bd2 Bxc3 8. O-O O-O 9. Ne5 Rb8 10. f4 d5 11. Rc1 Qb6 1/2-1/2

[Event "WM London"]
[Site "?"]
[Date "1986.??.??"]
[Round "4"]
[White "Kasparov, Gary"]
[Black "Karpov, Anatoly"]
[Result "1-0"]
[WhiteElo "2720"]
[BlackElo "2700"]
[PlyCount "103"]
[EventDate "1986.??.??"]
[Source "www.chesslib.no"]
[SourceDate "2004.05.04"]

1. d4 Nf6 2. c4 e6 3. Nc3 Bb4 4. Nf3 c5 5. g3 cxd4 6. Nxd4 O-O 7. Bg2 d5 8. Qb3 Bxc3+ 9. bxc3 Nc6 10. cxd5 Na5 11. Qc2 Nxd5 12. Qd3 Bd7 13. c4 Ne7 14. O-O Rc8 15. Nb3 Nxc4 16. Bxb7 Rc7 17. Ba6 Ne5 18. Qe3 Nc4 19. Qe4 Nd6 20. Qd3 Rc6 21. Ba3 Bc8 22. Bxc8 Ndxc8 23. Rfd1 Qxd3 24. Rxd3 Re8 25. Rad1 f6 26. Nd4 Rb6 27. Bc5 Ra6 28. Nb5 Rc6 29. Bxe7 Nxe7 30. Rd7 Ng6 31. Rxa7 Nf8 32. a4 Rb8 33. e3 h5 34. Kg2 e5 35. Rd3 Kh7 36. Rc3 Rbc8 37. Rxc6 Rxc6 38. Nc7 Ne6 39. Nd5 Kh6 40. a5 e4 41. a6 Ng5 42. Ra8 Nf3 43. Rh8+ Kg5 44. a7 Rc1 45. a8=Q Rg1+ 46. Kh3 Rh1 47. Rxh5+ Kxh5 48. Nf4+ Kg5 49. Qd5+ f5 50. Qd8+ Kh6 51. Qh8+ Kg5 52. Qxg7# 1-0

[Event "Las Vegas (m/2)"]
[Site "?"]
[Date "1999.??.??"]
[Round "?"]
[White "Zvjaginsev, V."]
[Black "Polgar, Judit"]
[Result "1/2-1/2"]
[WhiteElo "2650"]
[BlackElo "2670"]
[PlyCount "56"]
[EventDate "1999.??.??"]
[Source "Chess Informant"]
[SourceDate "1999.06.01"]

1. d4 Nf6 2. c4 e6 3. Nc3 Bb4 4. Nf3 c5 5. g3 cxd4 6. Nxd4 O-O 7. Bg2 d5 8. cxd5 Nxd5 9. Qb3 Qb6 10. Bxd5 exd5 11. Be3 Bxc3+ 12. Qxc3 Qg6 13. h4 h5 14. g4 Bxg4 15. f3 Rc8 16. Qd2 Nc6 17. fxg4 Ne5 18. gxh5 Qe4 19. Rg1 Nc4 20. Qd3 Nxe3 21. Qxe4 dxe4 22. Kf2 Nc2 23. Rad1 Rc5 24. Nxc2 Rxc2 25. Rd7 Rxb2 26. h6 g6 27. h5 e3+ 28. Kxe3 Re8+ 1/2-1/2

[Event "Dubai (ol)"]
[Site "?"]
[Date "1986.??.??"]
[Round "?"]
[White "Kasparov, Garry"]
[Black "Suba, M."]
[Result "1/2-1/2"]
[WhiteElo "2740"]
[BlackElo "2580"]
[PlyCount "126"]
[EventDate "1986.??.??"]
[Source "ChessBase"]
[SourceDate "1986.07.01"]

1. d4 Nf6 2. c4 e6 3. Nc3 Bb4 4. Nf3 c5 5. g3 cxd4 6. Nxd4 O-O 7. Bg2 d5 8. Qb3 Bxc3+ 9. bxc3 Nc6 10. cxd5 Na5 11. Qc2 Nxd5 12. Qd3 Qc7 13. O-O Bd7 14. e4 Nb6 15. f4 e5 16. fxe5 Nac4 17. g4 Nxe5 18. Qg3 Nbc4 19. Bf4 Qc5 20. Rae1 Rad8 21. g5 Rfe8 22. Kh1 b5 23. Rd1 Bc8 24. h4 Bg4 25. Nb3 Qc8 26. Rd5 Rxd5 27. exd5 Bh5 28. Nd4 Ng6 29. Bc1 Qd7 30. Nf5 Re5 31. Qf2 Be2 32. Re1 Rxf5 33. Qxe2 Re5 34. Qf2 Rxe1+ 35. Qxe1 Qg4 36. Kh2 Qxh4+ 37. Qxh4 Nxh4 38. Bf1 Nf5 39. a4 a6 40. axb5 axb5 41. Bd3 Nfd6 42. Bf4 Kf8 43. Kg3 Ke7 44. Bc1 Ne5 45. Bc2 Ndc4 46. Kf4 Kd6 47. Ke4 Kc5 48. Bb3 Ng6 49. Bxc4 Kxc4 50. Be3 Nf8 51. Bd4 h5 52. Bxg7 Nd7 53. d6 Kc5 54. Be5 h4 55. Bf4 Kc4 56. Bd2 h3 57. Kf3 Kd3 58. Be1 Ne5+ 59. Kg3 Ke2 60. c4 bxc4 61. Bc3 Nd7 62. Kxh3 Kd3 63. Bb2 Ke4 1/2-1/2